Wheat diseases and pests : a guide for field identification /

Bibliographic Details
Other Authors: Prescott, J. M.
Format: Book
Language:English
Published: Mexico, D.F., Mexico : International Maize and Wheat Improvement Center, [1986?]
Subjects:

MARC

Tag First Indicator Second Indicator Subfields
LEADER 00000cam a2200000 a 4500
001 in00000423421
005 20151012055352.0
008 860813s1986 mx a 00000 eng d
035 |a (OCoLC)14084497 
035 |9 ABV0333AM 
040 |a DJB  |c DJB  |d TXA  |d UtOrBLW 
049 |a TXAM  |c [A09770900] 
090 |a SB608.W5  |b W33 1986 
245 0 0 |a Wheat diseases and pests :  |b a guide for field identification /  |c authors, J.M. Prescott [and others]. 
264 1 |a Mexico, D.F., Mexico :  |b International Maize and Wheat Improvement Center,  |c [1986?] 
300 |a 135 pages :  |b color illustrations ;  |c 19 cm. 
336 |a text  |b txt  |2 rdacontent 
337 |a unmediated  |b n  |2 rdamedia 
338 |a volume  |b nc  |2 rdacarrier 
650 0 |a Wheat  |x Diseases and pests  |x Handbooks, manuals, etc. 
650 0 |a Triticale  |x Diseases and pests  |x Handbooks, manuals, etc. 
700 1 |a Prescott, J. M. 
999 |a MARS 
999 f f |s 36f7a2c8-d9aa-3916-aba6-fe88cb1827a6  |i d45f9875-b9fd-3358-a90f-b863fea26d76  |t 0 
952 f f |p ric  |a Texas A&M University  |b Rellis Campus  |c Joint Library Facility  |d Remote Storage  |t 0  |e SB608.W5 W33 1986  |h Library of Congress classification  |i unmediated -- volume  |m A14809770900 
998 f f |a SB608.W5 W33 1986  |t 0  |l Remote Storage